| 000 | 00951nam a2200241Ia 4500 | ||
|---|---|---|---|
| 003 | OSt | ||
| 005 | 20220927105330.0 | ||
| 006 | a|||||r|||| 00| 0 | ||
| 007 | ta | ||
| 008 | 220926b |||||||| |||| 00| 0 eng d | ||
| 024 | _a190400 | ||
| 037 | _cReference Collections | ||
| 040 |
_aRTL _cRTL _beng |
||
| 041 |
_2eng _aeng |
||
| 082 | _a"X91OgF, P9/UN" | ||
| 110 | _a"UNITED NATIONS, ECONOMIC AND SOCIAL COMMISSION FOR WESTERN ASIA" | ||
| 245 | 0 |
_aIncreasing the competitiveness of small and medium-sized enterprises through the use of environmentally sound technologies _b Assessing the potential for the development of second-generation biofuels in the ESCWA region |
|
| 260 |
_aNew _bYork United Nations _c2009 |
||
| 300 |
_a"xi, 70p Bibliography: P 63-70" _ccm. |
||
| 700 | _a"UNITED NATIONS, ECONOMIC AND SOCIAL COMMISSION FOR WESTERN ASIA" | ||
| 942 |
_h"X91OgF, P9/UN" _cCC |
||
| 999 |
_c691913 _d691913 |
||